000 00205 a2200097 4500
001 10663
100 _aPounds, N J G
245 _aGeography of Iron & Steel.
260 _a
_bH U L
_c
090 _c8264
_d8264
942 _aNUST-CAE
_cM
_c35005
999 _c245736
_d245736